<?xml version="1.0" encoding="UTF-8"?>
<record
    xmlns:xsi="http://www.w3.org/2001/XMLSchema-instance"
    xsi:schemaLocation="http://www.loc.gov/MARC21/slim http://www.loc.gov/standards/marcxml/schema/MARC21slim.xsd"
    xmlns="http://www.loc.gov/MARC21/slim">

  <leader>01434nam a2200277 a 4500</leader>
  <controlfield tag="001">000035863</controlfield>
  <controlfield tag="005">20240509200459.0</controlfield>
  <controlfield tag="008">111115s1958    fr            000 0 fre d</controlfield>
  <datafield tag="040" ind1=" " ind2=" ">
    <subfield code="a">DO-SdBNP</subfield>
    <subfield code="b">spa</subfield>
    <subfield code="c">BNPHU</subfield>
  </datafield>
  <datafield tag="082" ind1=" " ind2=" ">
    <subfield code="a">160</subfield>
    <subfield code="b">L832</subfield>
  </datafield>
  <datafield tag="245" ind1="0" ind2="0">
    <subfield code="a">Logique et perception /</subfield>
    <subfield code="c">J&#xE9;r&#xF4;me S. Bruner ... [et. al.].</subfield>
  </datafield>
  <datafield tag="260" ind1=" " ind2=" ">
    <subfield code="a">Paris :</subfield>
    <subfield code="b">Presses Universitaires de France,</subfield>
    <subfield code="c">1958.</subfield>
  </datafield>
  <datafield tag="300" ind1=" " ind2=" ">
    <subfield code="a">204 p. :</subfield>
    <subfield code="b">il. ;</subfield>
    <subfield code="c">22 cm.</subfield>
  </datafield>
  <datafield tag="490" ind1="1" ind2=" ">
    <subfield code="a">Bibloth&#xE9;que scientifique internatonale. &#xC9;tudes D&#xB4;&#xE9;pist&#xE9;mologie g&#xE9;n&#xE9;tique</subfield>
    <subfield code="v">6</subfield>
  </datafield>
  <datafield tag="504" ind1=" " ind2=" ">
    <subfield code="a">Bibliograf&#xED;a: p. 45-48</subfield>
  </datafield>
  <datafield tag="505" ind1="0" ind2=" ">
    <subfield code="a">Le processus de pr&#xE9;paration &#xE0; la perception /</subfield>
    <subfield code="r">par J.S. Bruner.</subfield>
    <subfield code="t">Les isomorphismes partiels entre les structureslogiques et les structures perceptives ;</subfield>
    <subfield code="r">Jean Piaget et Albert Morf.</subfield>
    <subfield code="t">Les pr&#xE9;infer&#xE9;nces perceptives et leurs relations avec les sch&#xE8;mes$asensori-moteurs et op&#xE9;ratoires /</subfield>
    <subfield code="r">Jean Piaget et Albert Morf.</subfield>
    <subfield code="t">Perception et indices perceptifs /</subfield>
    <subfield code="r">Fran&#xE7;ois Bresson</subfield>
    <subfield code="a">Influence des sch&#xE9;mes inductifs sur la perception : &#xE9;tude exp&#xE9;rimentale /</subfield>
    <subfield code="r">Fran&#xE7;ois Bresson</subfield>
  </datafield>
  <datafield tag="650" ind1=" " ind2="0">
    <subfield code="a">L&#xF3;gica</subfield>
    <subfield code="9">332</subfield>
  </datafield>
  <datafield tag="650" ind1=" " ind2="4">
    <subfield code="a">Percepci&#xF3;n</subfield>
    <subfield code="9">35121</subfield>
  </datafield>
  <datafield tag="700" ind1="1" ind2="2">
    <subfield code="a">Morf, Albert</subfield>
    <subfield code="9">61846</subfield>
  </datafield>
  <datafield tag="700" ind1="1" ind2="2">
    <subfield code="a">Bruner, J&#xE9;r&#xF4;me S.</subfield>
    <subfield code="9">50772</subfield>
  </datafield>
  <datafield tag="700" ind1="1" ind2="2">
    <subfield code="a">Bresson, Fran&#xE7;ois</subfield>
    <subfield code="9">61847</subfield>
  </datafield>
  <datafield tag="700" ind1="1" ind2="2">
    <subfield code="a">Piaget, Jean</subfield>
    <subfield code="d">1896-1980</subfield>
    <subfield code="9">40350</subfield>
  </datafield>
  <datafield tag="830" ind1=" " ind2="0">
    <subfield code="a">&#xC9;tudes D&#xB4;&#xE9;pist&#xE9;mologie g&#xE9;n&#xE9;tique</subfield>
    <subfield code="9">61848</subfield>
  </datafield>
  <datafield tag="830" ind1=" " ind2="0">
    <subfield code="a">Bibloth&#xE9;que scientifique internatonale</subfield>
    <subfield code="9">61849</subfield>
  </datafield>
  <datafield tag="910" ind1=" " ind2=" ">
    <subfield code="a">Validado. Control de calidad MFF</subfield>
  </datafield>
  <datafield tag="952" ind1=" " ind2=" ">
    <subfield code="0">0</subfield>
    <subfield code="1">0</subfield>
    <subfield code="5">0</subfield>
    <subfield code="7">1</subfield>
    <subfield code="8">MO</subfield>
    <subfield code="a">GR</subfield>
    <subfield code="b">GR</subfield>
    <subfield code="c">HD</subfield>
    <subfield code="d">2011-11-15</subfield>
    <subfield code="i">LF1</subfield>
    <subfield code="l">0</subfield>
    <subfield code="o">160 L832</subfield>
    <subfield code="p">35863-10</subfield>
    <subfield code="r">2020-06-25</subfield>
    <subfield code="w">2020-06-25</subfield>
    <subfield code="y">1</subfield>
    <subfield code="z">Perteneci&#xF3; a la biblioteca personal de Juan Isidro Jimenes Grull&#xF3;n</subfield>
    <subfield code="Z">No se presta</subfield>
  </datafield>
  <datafield tag="952" ind1=" " ind2=" ">
    <subfield code="0">0</subfield>
    <subfield code="1">0</subfield>
    <subfield code="5">0</subfield>
    <subfield code="7">-1</subfield>
    <subfield code="8">MO</subfield>
    <subfield code="a">GR</subfield>
    <subfield code="b">GR</subfield>
    <subfield code="c">OI</subfield>
    <subfield code="d">2011-11-15</subfield>
    <subfield code="i">LF1</subfield>
    <subfield code="l">0</subfield>
    <subfield code="o">160 L832</subfield>
    <subfield code="p">35864-10</subfield>
    <subfield code="r">2020-06-25</subfield>
    <subfield code="w">2020-06-25</subfield>
    <subfield code="y">1</subfield>
    <subfield code="Z">No se presta</subfield>
  </datafield>
  <datafield tag="999" ind1=" " ind2=" ">
    <subfield code="c">35354</subfield>
    <subfield code="d">35354</subfield>
  </datafield>
</record>
